| 000 | 01031nam a22002177a 4500 | ||
|---|---|---|---|
| 003 | BPGM | ||
| 008 | 260619s mx ||||gr|||| 001 ||SPA|| | ||
| 040 | _bspa | ||
| 041 |
_aSPA _hSPA |
||
| 082 | 0 | 4 |
_2PRIMERA EDICIÓN 1990 _aCQ / 917.2532 / V43 |
| 100 |
_aVEGA Y MONROY, LUIS _cAUTOR |
||
| 245 | _aESTAMPAS DE LA CIUDAD DE MÉXICO | ||
| 260 |
_aQUERÉTARO, MÉXICO; _bAUTORES DE QUERÉTARO; _c1990; |
||
| 300 |
_a335 PÁGINAS; _c21.2 CM X 13.8 CM |
||
| 336 |
_2rdacontent _atexto _btxt |
||
| 337 |
_2rdamedia _asin mediación _bn |
||
| 338 |
_2rdacarrier _avolumen _bnc |
||
| 505 | _aRECOGER Y GUARDAR EL ROSTRO DE LA GRAN CIUDAD DE MÉXICO, FUE TAREA QUE SE IMPUSO EL PERIODISTA QUERETANO LUIS VEGA Y MONROY. ESCÉPTICO ANTE EL DESARROLLO ABRUMADOR DE LA METRÓPOLI, ANTE EL QUEHACER FORMAL DE LOS CIUDADANOS, ANTE EL DISCURSO ENGOLADO, ANTE LA CARA "SERIA" DE LAS PRIMERAS PLANAS DE LOS PERIÓDICOS, EL ESCRITOR QUERTANO URDIÓ OTRO TIPO DE INFORMACIONES. | ||
| 650 |
_aHISTORIA DE MÉXICO _v917 _x900 _y10 _z7 |
||
| 942 |
_2ddc _cCOLQ |
||
| 999 |
_c68648 _d68648 |
||